[Event "St Petersburg-ch Seniors Rapid"]
[Site "St Petersburg"]
[Date "2022.10.04"]
[Round "7"]
[White "Manin, Viktor L"]
[Black "Pushkov, Nikolai"]
[Result "0-1"]
[WhiteElo "2205"]
[BlackElo "2106"]
[PlyCount "126"]
[EventDate "2022.10.03"]
[EventType "swiss (rapid)"]
[EventRounds "10"]
[EventCountry "RUS"]
[SourceTitle "EXT 2024"]
[Source "ChessBase"]
[SourceDate "2023.10.10"]
[SourceVersion "1"]
[SourceVersionDate "2023.10.10"]
[SourceQuality "1"]

1. d4 Nf6 2. g3 e6 3. c4 d5 4. Bg2 Bb4+ 5. Nc3 0-0 6. Qb3 Bxc3+ 7. bxc3 c6 8. Nf3 Nbd7 9. 0-0 Re8 10. Bf4 Ne4 11. Rad1 Nb6 12. c5 Nc4 13. Ne5 Nxe5 14. Bxe5 f6 15. Bf4 b6 16. f3 Ng5 17. cxb6 axb6 18. e4 Ba6 19. Rf2 Bc4 20. Qb1 Nf7 21. h4 b5 22. Rdd2 Ra3 23. Qa1 Qa5 24. Rc2 Ra8 25. Bh3 e5 26. dxe5 fxe5 27. Bc1 Ra4 28. Be6 Bxa2 29. Qb2 Bc4 30. Bxf7+ Kxf7 31. f4 exf4 32. Bxf4 Kg8 33. Kh2 Ra2 34. Qc1 Rxc2 35. Qxc2 Qb6 36. Qd2 Ra2 37. Be3 Rxd2 38. Bxb6 Rxf2+ 39. Bxf2 dxe4 40. Bd4 Kf7 41. Kg2 g6 42. Kf2 Ke6 43. Ke3 Kd5 44. Bg7 Bd3 45. g4 c5 46. h5 gxh5 47. gxh5 Kc4 48. h6 b4 49. cxb4 cxb4 50. Kd2 Kb3 51. Bf8 Bc4 52. Bc5 Be6 53. Bd4 Bf5 54. Be5 Ka2 55. Kc1 e3 56. Bd4 b3 57. Kd1 b2 58. Bxb2 Kxb2 59. Ke2 Kc3 60. Kxe3 Bb1 61. Kf4 Kd4 62. Kg5 Ke5 63. Kh5 Kf6 0-1

[Event "St Petersburg-ch Seniors Rapid"]
[Site "St Petersburg"]
[Date "2022.10.04"]
[Round "8"]
[White "Napalkov, Vladimir Aleksandro"]
[Black "Manin, Viktor L"]
[Result "0-1"]
[WhiteElo "1951"]
[BlackElo "2205"]
[PlyCount "96"]
[EventDate "2022.10.03"]
[EventType "swiss (rapid)"]
[EventRounds "10"]
[EventCountry "RUS"]
[SourceTitle "EXT 2024"]
[Source "ChessBase"]
[SourceDate "2023.10.10"]
[SourceVersion "1"]
[SourceVersionDate "2023.10.10"]
[SourceQuality "1"]

1. d4 d5 2. c4 c6 3. Nf3 Nf6 4. Nc3 dxc4 5. Ne5 Bf5 6. Nxc4 Nbd7 7. e3 e6 8. Be2 Qc7 9. 0-0 b5 10. Nd2 b4 11. Na4 Bd6 12. h3 0-0 13. Nc4 e5 14. dxe5 Bxe5 15. f4 Rad8 16. fxe5 Nxe5 17. Qe1 Nd3 18. Qh4 Bg6 19. Bd2 c5 20. Rad1 Rfe8 21. Be1 Re4 22. Qg5 Rxc4 23. Bxd3 Rxd3 24. Rxd3 Bxd3 25. Rxf6 Rc1 26. Rf1 h6 27. Qf4 Qd7 28. b3 Bxf1 29. Qxf1 c4 30. Qe2 c3 31. Kf2 Qd1 32. Nxc3 bxc3 33. Qxd1 Rxd1 34. Bxc3 Rc1 35. Bd4 Rc2+ 36. Kf3 Rxa2 37. b4 a6 38. Bc5 f6 39. g4 Kf7 40. h4 Ke6 41. h5 Rd2 42. Ke4 Rd7 43. Bf8 Rc7 44. Bc5 a5 45. Bb6 Rc4+ 46. Kd3 Rxb4 47. Bxa5 Rxg4 48. Bc3 Rg5 0-1

[Event "St Petersburg Amir Cup Rapid"]
[Site "St Petersburg"]
[Date "2021.05.22"]
[Round "1"]
[White "Manin, Viktor L"]
[Black "Tolstykh, Ivan"]
[Result "1-0"]
[WhiteElo "2122"]
[BlackElo "1806"]
[PlyCount "61"]
[EventDate "2021.05.22"]
[EventType "swiss (rapid)"]
[EventRounds "9"]
[EventCountry "RUS"]
[SourceTitle "CBM 202 Extra"]
[Source "ChessBase"]
[SourceDate "2021.07.31"]
[SourceVersion "1"]
[SourceVersionDate "2021.07.31"]
[SourceQuality "1"]

1. d4 Nf6 2. g3 g6 3. Bg2 Bg7 4. e4 d6 5. Nc3 0-0 6. Nf3 c5 7. dxc5 dxc5 8. Bg5 h6 9. Bf4 Nc6 10. 0-0 Bg4 11. h3 Bxf3 12. Bxf3 Nd4 13. Bg2 Nd7 14. Nd5 Ne6 15. Be3 Nb6 16. c3 Nc4 17. Bc1 Nc7 18. Qe2 b5 19. a4 Nxd5 20. exd5 Nd6 21. axb5 c4 22. Bf4 Qc7 23. Rfe1 g5 24. Be5 Bxe5 25. Qxe5 Rfe8 26. h4 f6 27. Qe6+ Kg7 28. h5 Nxb5 29. Qf5 Rh8 30. Qg6+ Kf8 31. d6 1-0

[Event "St Petersburg Amir Cup Rapid"]
[Site "St Petersburg"]
[Date "2021.05.22"]
[Round "4"]
[White "Minina, Veronika"]
[Black "Manin, Viktor L"]
[Result "0-1"]
[WhiteElo "2057"]
[BlackElo "2122"]
[PlyCount "72"]
[EventDate "2021.05.22"]
[EventType "swiss (rapid)"]
[EventRounds "9"]
[EventCountry "RUS"]
[SourceTitle "CBM 202 Extra"]
[Source "ChessBase"]
[SourceDate "2021.07.31"]
[SourceVersion "1"]
[SourceVersionDate "2021.07.31"]
[SourceQuality "1"]

1. Nf3 d5 2. c4 c6 3. g3 Nf6 4. Bg2 e6 5. 0-0 Be7 6. d4 0-0 7. Qc2 Nbd7 8. Nbd2 b6 9. e4 dxe4 10. Nxe4 Bb7 11. Bg5 Nxe4 12. Bxe7 Qxe7 13. Qxe4 Rab8 14. Qe2 Rfd8 15. Rfe1 Qf6 16. Ne5 Nxe5 17. dxe5 Qe7 18. Rad1 c5 19. b3 Bxg2 20. Kxg2 h6 21. Qf3 Qc7 22. Qe4 a6 23. f4 b5 24. Kh3 bxc4 25. Qxc4 Qc6 26. Qc2 Qf3 27. Rxd8+ Rxd8 28. Qe2 Qc3 29. Rd1 Rd4 30. Rxd4 cxd4 31. Kg2 d3 32. Qe4 g6 33. Qa8+ Kg7 34. Qd8 Qc6+ 35. Kh3 Qd5 36. Qf6+ Kg8 0-1

[Event "Chigorin Memorial 26th"]
[Site "St Petersburg"]
[Date "2018.10.29"]
[Round "3"]
[White "Kamsky, Gata"]
[Black "Manin, Viktor L"]
[Result "1-0"]
[WhiteElo "2666"]
[BlackElo "2100"]
[PlyCount "55"]
[EventDate "2018.10.27"]
[EventType "swiss"]
[EventRounds "9"]
[EventCountry "RUS"]
[SourceTitle "CBM 187 Extra"]
[Source "ChessBase"]
[SourceDate "2018.11.04"]
[SourceVersion "1"]
[SourceVersionDate "2018.11.04"]
[SourceQuality "1"]

1. e4 e5 2. Nf3 Nc6 3. Bb5 a6 4. Ba4 Nf6 5. 0-0 Be7 6. Re1 b5 7. Bb3 d6 8. c3 0-0 9. d4 Bb7 10. a3 h6 11. Nbd2 Re8 12. Bc2 Bf8 13. d5 Ne7 14. b3 c5 15. c4 Ng6 16. b4 Qd7 17. g3 Be7 18. Bd3 Reb8 19. Bb2 cxb4 20. axb4 Bc8 21. Bc3 Bd8 22. c5 Bc7 23. Bf1 a5 24. c6 Qd8 25. bxa5 Bxa5 26. Bxa5 Rxa5 27. Qc2 Ne8 28. c7 1-0

[Event "St Petersburg GM"]
[Site "St Petersburg"]
[Date "2017.09.02"]
[Round "5"]
[White "Usmanov, Vasily"]
[Black "Manin, Viktor L"]
[Result "1-0"]
[WhiteElo "2455"]
[BlackElo "2119"]
[PlyCount "97"]
[EventDate "2017.08.29"]
[EventType "tourn"]
[EventRounds "9"]
[EventCountry "RUS"]
[EventCategory "7"]
[SourceTitle "CBM 180 Extra"]
[Source "ChessBase"]
[SourceDate "2017.10.06"]
[SourceVersion "1"]
[SourceVersionDate "2017.10.06"]
[SourceQuality "1"]

1. d4 Nf6 2. c4 e6 3. Nf3 Bb4+ 4. Nbd2 c5 5. a3 Bxd2+ 6. Qxd2 b6 7. e3 Bb7 8. Be2 0-0 9. 0-0 Qe7 10. Rd1 Ne4 11. Qc2 f5 12. b4 d6 13. bxc5 bxc5 14. Rb1 Nc6 15. d5 exd5 16. cxd5 Nd8 17. Bb2 Nf7 18. Bxg7 Kxg7 19. Qb2+ Qf6 20. Qxf6+ Kxf6 21. Rxb7 Nc3 22. Re1 Rfb8 23. Rd7 Rb2 24. Bd3 Ne4 25. h4 Rb3 26. Bxe4 fxe4 27. Nd2 Rxa3 28. Nxe4+ Kf5 29. f3 Rf8 30. Rxf7+ Rxf7 31. Nxd6+ Kf6 32. Nxf7 Kxf7 33. e4 c4 34. Rc1 c3 35. Kf2 a5 36. Ke3 a4 37. Kd4 Ra2 38. Rxc3 Rxg2 39. Ra3 Rg3 40. Ke5 Rh3 41. d6 Rxh4 42. f4 Rh5+ 43. f5 Rh4 44. Rd3 Ke8 45. d7+ Kd8 46. f6 Rh5+ 47. Ke6 Rh4 48. Rd4 a3 49. Rc4 1-0

[Event "St Petersburg GM"]
[Site "St Petersburg"]
[Date "2017.09.01"]
[Round "4"]
[White "Manin, Viktor L"]
[Black "Volodin, Aleksandr"]
[Result "1-0"]
[WhiteElo "2119"]
[BlackElo "2482"]
[PlyCount "67"]
[EventDate "2017.08.29"]
[EventType "tourn"]
[EventRounds "9"]
[EventCountry "RUS"]
[EventCategory "7"]
[SourceTitle "CBM 180 Extra"]
[Source "ChessBase"]
[SourceDate "2017.10.06"]
[SourceVersion "1"]
[SourceVersionDate "2017.10.06"]
[SourceQuality "1"]

1. d4 c5 2. d5 Nf6 3. Nc3 g6 4. Nf3 Bg7 5. e4 0-0 6. Be2 b5 7. e5 Ng4 8. Bf4 f6 9. d6 e6 10. Nxb5 Nc6 11. exf6 Qxf6 12. Bg5 Qxb2 13. Rb1 Qxa2 14. Be7 Rf5 15. 0-0 Ba6 16. Nd2 Bxb5 17. Bxb5 Nge5 18. f4 Nf7 19. g4 Rd5 20. Bc4 Qa4 21. Bxd5 Qd4+ 22. Kg2 Qxd5+ 23. Nf3 Nxe7 24. dxe7 Qc6 25. Qe2 Nd6 26. Rfd1 Bf6 27. Kg1 Bxe7 28. Ne5 Qc7 29. f5 exf5 30. Nxg6 Bf6 31. Ne7+ Bxe7 32. Qxe7 Re8 33. Qg5+ Kf7 34. Qh5+ 1-0

[Event "St Petersburg GM"]
[Site "St Petersburg"]
[Date "2017.08.31"]
[Round "3"]
[White "Timerkhanov, Alexander"]
[Black "Manin, Viktor L"]
[Result "1-0"]
[WhiteElo "2302"]
[BlackElo "2119"]
[PlyCount "109"]
[EventDate "2017.08.29"]
[EventType "tourn"]
[EventRounds "9"]
[EventCountry "RUS"]
[EventCategory "7"]
[SourceTitle "CBM 180 Extra"]
[Source "ChessBase"]
[SourceDate "2017.10.06"]
[SourceVersion "1"]
[SourceVersionDate "2017.10.06"]
[SourceQuality "1"]

1. d4 Nf6 2. Bg5 d5 3. Nd2 e6 4. e3 c5 5. c3 Nc6 6. f4 h6 7. Bh4 Qb6 8. Rb1 Bd6 9. Ngf3 cxd4 10. cxd4 Ng4 11. Bf2 Nxf2 12. Kxf2 Bd7 13. b4 0-0 14. b5 Ne7 15. g3 Rac8 16. Nb3 f6 17. Bh3 Rc7 18. a4 Rc4 19. Nfd2 Rb4 20. Rc1 a6 21. a5 Qd8 22. bxa6 bxa6 23. Rc3 e5 24. Qh5 Ra4 25. Rhc1 Ra2 26. Kg1 e4 27. R3c2 Rxc2 28. Rxc2 Bb4 29. Nc5 Bxd2 30. Rxd2 Bxh3 31. Qxh3 f5 32. Ra2 Rf6 33. Qf1 Nc6 34. Qe1 Kh7 35. Qc3 g5 36. Nxa6 gxf4 37. exf4 Nxd4 38. Qc7+ Qxc7 39. Nxc7 e3 40. a6 e2 41. Kf2 Rf7 42. a7 Re7 43. Ra1 Rxc7 44. a8Q Nc2 45. Kxe2 Nxa1 46. Qxa1 Rc2+ 47. Ke3 Rxh2 48. Qf6 Rg2 49. Qxf5+ Kg7 50. Qe5+ Kh7 51. f5 h5 52. Qe7+ Kg8 53. Kf3 Rg1 54. f6 Rf1+ 55. Kg2 1-0

[Event "St Petersburg Summer op"]
[Site "St Petersburg"]
[Date "2017.08.21"]
[Round "6"]
[White "Manin, Viktor L"]
[Black "Khakimov, Timur"]
[Result "0-1"]
[WhiteElo "2119"]
[BlackElo "2275"]
[PlyCount "96"]
[EventDate "2017.08.16"]
[EventType "swiss"]
[EventRounds "9"]
[EventCountry "RUS"]
[SourceTitle "CBM 180 Extra"]
[Source "ChessBase"]
[SourceDate "2017.10.06"]
[SourceVersion "1"]
[SourceVersionDate "2017.10.06"]
[SourceQuality "1"]

1. d4 d5 2. c4 c6 3. Nf3 Nf6 4. Nc3 a6 5. e3 b5 6. cxd5 cxd5 7. Ne5 e6 8. Bd3 Nbd7 9. f4 Bd6 10. 0-0 Bb7 11. Bd2 0-0 12. Be1 Ne4 13. Qh5 f6 14. Nxd7 Qxd7 15. f5 exf5 16. Qxf5 Qxf5 17. Rxf5 g6 18. Rf1 f5 19. a4 b4 20. Nxe4 dxe4 21. Bc4+ Kg7 22. Bg3 Bxg3 23. hxg3 Rac8 24. Rac1 Rf6 25. Bb3 Rxc1 26. Rxc1 Rc6 27. Rf1 Rc7 28. a5 Bc8 29. Kf2 Bd7 30. Rd1 Bb5 31. g4 fxg4 32. Kg3 h5 33. Kf4 Kf6 34. Kxe4 Re7+ 35. Kd5 Rxe3 36. Bc4 Bxc4+ 37. Kxc4 Re2 38. d5 Ke7 39. g3 Kd6 40. b3 Re4+ 41. Kd3 Kxd5 42. Rf1 Re6 43. Rf4 Kc5 44. Rc4+ Kb5 45. Kd4 Rc6 46. Kd5 Rxc4 47. bxc4+ Kxa5 48. c5 b3 0-1

[Event "St Petersburg Summer op"]
[Site "St Petersburg"]
[Date "2017.08.17"]
[Round "2"]
[White "Manin, Viktor L"]
[Black "Nikitenko, Mihail"]
[Result "0-1"]
[WhiteElo "2119"]
[BlackElo "2369"]
[PlyCount "120"]
[EventDate "2017.08.16"]
[EventType "swiss"]
[EventRounds "9"]
[EventCountry "RUS"]
[SourceTitle "CBM 180 Extra"]
[Source "ChessBase"]
[SourceDate "2017.10.06"]
[SourceVersion "1"]
[SourceVersionDate "2017.10.06"]
[SourceQuality "1"]

1. d4 Nf6 2. g3 g6 3. Bg2 Bg7 4. e4 d6 5. Nc3 0-0 6. Nf3 c6 7. 0-0 Qc7 8. Bg5 h6 9. Bf4 Nh5 10. Be3 e5 11. Qd2 Kh7 12. dxe5 dxe5 13. Rad1 Na6 14. Qd6 Qxd6 15. Rxd6 Re8 16. Rfd1 Be6 17. a3 Nc7 18. b4 Nf6 19. h3 Bf8 20. R6d2 Bc4 21. Bf1 Bxf1 22. Kxf1 Nb5 23. Nxb5 cxb5 24. Rd3 Kg7 25. Rc3 Re7 26. Rc5 Rae8 27. Rxb5 a6 28. Rb6 Nxe4 29. Nxe5 Rxe5 30. Bd4 Kg8 31. Bxe5 Rxe5 32. Kg2 Rb5 33. Rxb5 axb5 34. Rd8 Kg7 35. Kf3 Nd6 36. Ke2 Be7 37. Ra8 Kf6 38. Kd3 Nc4 39. Ra7 b6 40. Kc3 Ke6 41. a4 Bf6+ 42. Kb3 Nd2+ 43. Ka3 bxa4 44. Kxa4 Bd4 45. Kb5 Bxf2 46. c4 Nxc4 47. Ra2 Nd6+ 48. Kc6 Ne4 49. g4 f5 50. gxf5+ gxf5 51. Ra8 Nf6 52. Kb5 f4 53. Ra2 Be3 54. Kc4 Ke5 55. Kd3 Nd5 56. Ra8 Nxb4+ 57. Ke2 Nc6 58. h4 Ke4 59. h5 f3+ 60. Ke1 Ne5 0-1

[Event "St Petersburg IM 05"]
[Site "St Petersburg"]
[Date "2017.05.20"]
[Round "9"]
[White "Askerov, Marat"]
[Black "Manin, Viktor L"]
[Result "1-0"]
[WhiteElo "2213"]
[BlackElo "2144"]
[PlyCount "55"]
[EventDate "2017.05.12"]
[EventType "tourn"]
[EventRounds "9"]
[EventCountry "RUS"]
[EventCategory "4"]
[SourceTitle "CBM 178 Extra"]
[Source "ChessBase"]
[SourceDate "2017.06.22"]
[SourceVersion "1"]
[SourceVersionDate "2017.06.22"]
[SourceQuality "1"]

1. d4 Nf6 2. c4 e6 3. Nf3 d5 4. g3 c5 5. cxd5 exd5 6. Bg2 Nc6 7. 0-0 Be7 8. Nc3 0-0 9. Bg5 cxd4 10. Nxd4 h6 11. Be3 Re8 12. Rc1 Bg4 13. h3 Be6 14. a3 Qd7 15. Kh2 Ne5 16. Nxe6 fxe6 17. Bd4 Nc6 18. Bxf6 Bxf6 19. e4 Bxc3 20. exd5 Bxb2 21. dxc6 Qe7 22. Rc2 Bxa3 23. cxb7 Rad8 24. Qh5 e5 25. Be4 Qf6 26. Rd1 Bc5 27. Qg6 Qb6 28. Rd7 1-0

[Event "Chigorin Memorial blitz 24th"]
[Site "St Petersburg"]
[Date "2016.10.14"]
[Round "1"]
[White "Sjugirov, Sanan"]
[Black "Manin, Viktor L"]
[Result "1-0"]
[WhiteElo "2660"]
[BlackElo "2163"]
[PlyCount "47"]
[EventDate "2016.10.14"]
[EventType "swiss (blitz)"]
[EventRounds "13"]
[EventCountry "RUS"]
[SourceTitle "EXT 2017"]
[Source "ChessBase"]
[SourceDate "2016.10.25"]
[SourceVersion "1"]
[SourceVersionDate "2016.10.25"]
[SourceQuality "1"]

1. d4 Nf6 2. c4 e6 3. Nf3 d5 4. Nc3 c5 5. cxd5 exd5 6. g3 Nc6 7. Bg2 Be7 8. 0-0 0-0 9. Bg5 cxd4 10. Nxd4 h6 11. Be3 Re8 12. Rc1 Bg4 13. h3 Be6 14. Qa4 Ne5 15. Bf4 Ng6 16. Be3 a6 17. Rfd1 b5 18. Qc2 Qd7 19. Nxe6 Qxe6 20. Nxd5 Nxd5 21. Bxd5 Qxh3 22. Qxg6 Rf8 23. Qe4 Rad8 24. Qxe7 1-0

[Event "St Petersburg Summer op"]
[Site "St Petersburg"]
[Date "2016.08.22"]
[Round "6"]
[White "Korobitsyn, Danil"]
[Black "Manin, Viktor L"]
[Result "0-1"]
[WhiteElo "2021"]
[BlackElo "2159"]
[PlyCount "78"]
[EventDate "2016.08.17"]
[EventType "swiss"]
[EventRounds "9"]
[EventCountry "RUS"]
[SourceTitle "CBM 174 Extra"]
[Source "ChessBase"]
[SourceDate "2016.10.10"]
[SourceVersion "1"]
[SourceVersionDate "2016.10.10"]
[SourceQuality "1"]

1. e4 e5 2. Nf3 Nc6 3. d4 exd4 4. Nxd4 Nf6 5. Nxc6 bxc6 6. e5 Qe7 7. Qe2 Nd5 8. c4 Ba6 9. b3 g6 10. Bb2 Bg7 11. Nd2 0-0 12. 0-0-0 Rfe8 13. Qg4 Nb6 14. f4 d6 15. Nf3 Rad8 16. Bd3 f5 17. Qg3 d5 18. cxd5 Bxd3 19. Rxd3 Nxd5 20. Kb1 Bh6 21. Rd4 c5 22. Ra4 Qd7 23. h4 Nb4 24. Rxb4 Qd3+ 25. Ka1 cxb4 26. h5 Re6 27. Qh4 Rd7 28. hxg6 Rxg6 29. e6 Rxe6 30. Ne5 Qd2 31. g4 Rxe5 32. fxe5 Qd1+ 33. Bc1 Bxc1 34. Qxh7+ Rxh7 35. Rxd1 Bf4 36. gxf5 Bxe5+ 37. Kb1 Rh2 38. Re1 Bf6 39. Re6 Kf7 0-1

[Event "St Petersburg blitz prelim"]
[Site "St Petersburg"]
[Date "2014.12.07"]
[Round "3"]
[White "Manin, Viktor L"]
[Black "Orlov, Oleg"]
[Result "0-1"]
[WhiteElo "2153"]
[BlackElo "2289"]
[PlyCount "82"]
[EventDate "2014.12.07"]
[EventType "swiss (blitz)"]
[EventRounds "11"]
[EventCountry "RUS"]
[SourceTitle "CBM 163 Extra"]
[Source "ChessBase"]
[SourceDate "2014.12.23"]
[SourceVersion "1"]
[SourceVersionDate "2014.12.23"]
[SourceQuality "1"]

1. d4 d5 2. Nf3 Nf6 3. g3 c5 4. Bg2 Nc6 5. 0-0 e6 6. Bf4 cxd4 7. Nxd4 Qb6 8. Nb3 Be7 9. Nc3 0-0 10. a4 d4 11. a5 Qd8 12. Na4 Nxa5 13. Qxd4 Nxb3 14. Qxd8 Bxd8 15. cxb3 Nd5 16. Bd6 Re8 17. e4 Nb6 18. Nc5 e5 19. Rfd1 Bg4 20. f3 Be6 21. Nxb7 Bxb3 22. Rdc1 Bg5 23. Rc3 Be6 24. Rac1 Bxc1 25. Rxc1 Nc4 26. b3 Nxd6 27. Nxd6 Red8 28. Nc4 Rdc8 29. Bf1 Rab8 30. Rc3 a5 31. Re3 a4 32. Nd6 axb3 33. Bd3 Rc1+ 34. Kg2 b2 35. f4 Rb3 36. Nf5 Rcc3 37. Re2 Rxd3 38. Rc2 b1Q 39. Rc7 Rb2+ 40. Kh3 Rxh2+ 41. Kg4 Qd1+ 0-1

[Event "St Petersburg Overtime CC"]
[Site "St Petersburg"]
[Date "2014.11.27"]
[Round "3"]
[White "Solovjov, Sergey"]
[Black "Manin, Viktor L"]
[Result "0-1"]
[WhiteElo "2342"]
[BlackElo "2146"]
[PlyCount "100"]
[EventDate "2014.11.25"]
[EventType "tourn"]
[EventRounds "9"]
[EventCountry "RUS"]
[EventCategory "2"]
[SourceTitle "CBM 163 Extra"]
[Source "ChessBase"]
[SourceDate "2014.12.23"]
[SourceVersion "1"]
[SourceVersionDate "2014.12.23"]
[SourceQuality "1"]

1. e4 e6 2. d4 d5 3. Nc3 Bb4 4. e5 c5 5. a3 Bxc3+ 6. bxc3 Nc6 7. Nf3 Nge7 8. Bd3 Qa5 9. dxc5 Nxe5 10. 0-0 Qxc3 11. Nxe5 Qxe5 12. Rb1 0-0 13. Bb2 Qc7 14. Qh5 f5 15. f4 Ng6 16. Rbe1 Nxf4 17. Rxf4 Qxf4 18. Be5 Qg4 19. Qxg4 fxg4 20. Rb1 Rf7 21. a4 g6 22. a5 a6 23. Be2 Bd7 24. Bxg4 h5 25. Be2 Bc6 26. Bd3 Kh7 27. Rb4 Raf8 28. Bd6 Re8 29. Be5 Kh6 30. h3 g5 31. Rb6 Rc8 32. Rb4 Rcf8 33. Bd6 Rg8 34. Be5 Rd8 35. Rb6 Ra8 36. Rb4 h4 37. Rb6 Rc8 38. Rb4 Rcf8 39. Bd6 Re8 40. Be5 Ref8 41. Bd6 Rf4 42. Bxf8+ Rxf8 43. Rb6 Rc8 44. c3 Kg7 45. Kf2 e5 46. Ke3 Kf6 47. Be2 Ke7 48. Bd3 Ra8 49. Rb4 Rf8 50. Rg4 e4 0-1

[Event "Chigorin Memorial 22nd"]
[Site "St Petersburg"]
[Date "2014.10.26"]
[Round "9"]
[White "Manin, Viktor L"]
[Black "Potapova, Margarita"]
[Result "1-0"]
[WhiteElo "2137"]
[BlackElo "1917"]
[PlyCount "73"]
[EventDate "2014.10.18"]
[EventType "swiss"]
[EventRounds "9"]
[EventCountry "RUS"]
[SourceTitle "EXT 2015"]
[Source "ChessBase"]
[SourceDate "2014.11.20"]
[SourceVersion "1"]
[SourceVersionDate "2014.11.20"]
[SourceQuality "1"]

1. e4 c5 2. Nc3 d6 3. g3 Nc6 4. Bg2 g6 5. d3 Bg7 6. Bg5 Qa5 7. Qd2 e6 8. Nge2 Nge7 9. 0-0 h6 10. Be3 Nd4 11. Nc1 Nec6 12. Nb3 Qd8 13. Rab1 a6 14. Nd1 Nxb3 15. axb3 Nd4 16. b4 b5 17. bxc5 dxc5 18. b4 cxb4 19. e5 Rb8 20. Rxb4 Bxe5 21. Rxd4 Bxd4 22. Bc6+ Ke7 23. Qb4+ Qd6 24. Qxd4 Qxc6 25. Qxh8 Bb7 26. Bc5+ Kd7 27. Qd4+ Ke8 28. f3 Rd8 29. Qe3 Rd5 30. d4 Rf5 31. Kg2 g5 32. Nc3 g4 33. d5 Rxd5 34. Nxd5 Qxd5 35. Qd4 Qa2 36. Qd6 Qxc2+ 37. Kg1 1-0

[Event "Chigorin Memorial 22nd"]
[Site "St Petersburg"]
[Date "2014.10.25"]
[Round "8"]
[White "Gantsevich, Aleksei"]
[Black "Manin, Viktor L"]
[Result "1/2-1/2"]
[WhiteElo "1955"]
[BlackElo "2137"]
[PlyCount "93"]
[EventDate "2014.10.18"]
[EventType "swiss"]
[EventRounds "9"]
[EventCountry "RUS"]
[SourceTitle "EXT 2015"]
[Source "ChessBase"]
[SourceDate "2014.11.20"]
[SourceVersion "1"]
[SourceVersionDate "2014.11.20"]
[SourceQuality "1"]

1. e4 d6 2. d4 Nf6 3. Nc3 Nbd7 4. g4 h6 5. h3 e5 6. Nge2 Be7 7. Bg2 h5 8. g5 Nh7 9. h4 f6 10. Ng3 g6 11. Nxh5 Nhf8 12. gxf6 Nxf6 13. Nxf6+ Bxf6 14. dxe5 dxe5 15. Qxd8+ Bxd8 16. Bg5 Bxg5 17. hxg5 Rxh1+ 18. Bxh1 Ne6 19. 0-0-0 c6 20. Ne2 b6 21. Rd6 Bd7 22. f4 Ke7 23. Rd1 Rf8 24. f5 gxf5 25. exf5 Rxf5 26. g6 Rg5 27. Rg1 Kf6 28. Rd1 Ke7 29. Rg1 Rxg1+ 30. Nxg1 Kf6 31. Nf3 Be8 32. Nh4 Nf4 33. Be4 c5 34. g7 Kxg7 35. Nf5+ Kf6 36. Nd6 Bd7 37. Kd2 Ke6 38. Nc4 Be8 39. Ke3 Bf7 40. a3 Nh5 41. c3 Nf6 42. Nd2 Bg8 43. Bb7 Bh7 44. Bc8+ Kd6 45. Bb7 Bc2 46. Bf3 Ke6 47. Bb7 1/2-1/2

[Event "Chigorin Memorial 22nd"]
[Site "St Petersburg"]
[Date "2014.10.23"]
[Round "6"]
[White "Dushin, Nikolay"]
[Black "Manin, Viktor L"]
[Result "0-1"]
[WhiteElo "1947"]
[BlackElo "2137"]
[PlyCount "53"]
[EventDate "2014.10.18"]
[EventType "swiss"]
[EventRounds "9"]
[EventCountry "RUS"]
[SourceTitle "EXT 2015"]
[Source "ChessBase"]
[SourceDate "2014.11.20"]
[SourceVersion "1"]
[SourceVersionDate "2014.11.20"]
[SourceQuality "1"]

1. e4 d6 2. d4 Nf6 3. Nc3 g6 4. Nf3 Bg7 5. Bg5 c6 6. Qd2 b5 7. a3 Qa5 8. Bd3 Nbd7 9. 0-0 0-0 10. e5 dxe5 11. dxe5 Ng4 12. Bxe7 Re8 13. Bd6 Ngxe5 14. Nxe5 Nxe5 15. Bb4 Qc7 16. Ne4 Be6 17. Ba5 Qe7 18. Be2 Qh4 19. Nd6 Re7 20. f4 Ng4 21. h3 Nf6 22. Bf3 Nd5 23. f5 Be5 24. Qe1 Qxe1 25. Raxe1 Bxd6 26. fxe6 fxe6 27. Be4 0-1